| 000 -LEADER |
| fixed length control field |
01176cam a2200361Ma 4500 |
| 001 - CONTROL NUMBER |
| control field |
9598585 |
| 005 - DATE AND TIME OF LATEST TRANSACTION |
| control field |
20170105102854.0 |
| 008 - FIXED-LENGTH DATA ELEMENTS--GENERAL INFORMATION |
| fixed length control field |
120706s2012 enk b 001 0 eng d |
| 020 ## - INTERNATIONAL STANDARD BOOK NUMBER |
| International Standard Book Number |
9781441157133 (hbk.) |
| 020 ## - INTERNATIONAL STANDARD BOOK NUMBER |
| International Standard Book Number |
1441157131 (hbk.) |
| 020 ## - INTERNATIONAL STANDARD BOOK NUMBER |
| International Standard Book Number |
9781441123879 (PDF ebook) |
| 020 ## - INTERNATIONAL STANDARD BOOK NUMBER |
| International Standard Book Number |
1441123873 (PDF ebook) |
| 020 ## - INTERNATIONAL STANDARD BOOK NUMBER |
| International Standard Book Number |
9781441170521 (ePub ebook) |
| 020 ## - INTERNATIONAL STANDARD BOOK NUMBER |
| International Standard Book Number |
1441170529 (ePub ebook) |
| 024 ## - OTHER STANDARD IDENTIFIER |
| Standard number or code |
60001635009 |
| 035 ## - SYSTEM CONTROL NUMBER |
| System control number |
(OCoLC)ocn801924010 |
| 035 ## - SYSTEM CONTROL NUMBER |
| System control number |
(NNC)9598585 |
| 040 ## - CATALOGING SOURCE |
| Original cataloging agency |
NLE |
| Transcribing agency |
NLE |
| Modifying agency |
YDXCP |
| -- |
NhCcYBP |
| 050 #4 - LIBRARY OF CONGRESS CALL NUMBER |
| Classification number |
D726.8 |
| Item number |
.B53 2012 |
| 082 04 - DEWEY DECIMAL CLASSIFICATION NUMBER |
| Classification number |
909.822 |
| Edition number |
23 |
| 100 1# - MAIN ENTRY--PERSONAL NAME |
| Personal name |
Black, Jeremy. |
| 245 10 - TITLE STATEMENT |
| Title |
Avoiding armageddon : |
| Remainder of title |
from the Great War to the fall of France, 1918-40 / |
| Statement of responsibility, etc. |
Jeremy Black. |
| 260 ## - PUBLICATION, DISTRIBUTION, ETC. |
| Place of publication, distribution, etc. |
London : |
| Name of publisher, distributor, etc. |
Bloomsbury, |
| Date of publication, distribution, etc. |
2012. |
| 300 ## - PHYSICAL DESCRIPTION |
| Extent |
xxii, 304 p. ; |
| Dimensions |
25 cm. |
| 504 ## - BIBLIOGRAPHY, ETC. NOTE |
| Bibliography, etc. note |
Includes bibliographical references and index. |
| 650 #0 - SUBJECT ADDED ENTRY--TOPICAL TERM |
| Topical term or geographic name entry element |
Military history, Modern |
| Chronological subdivision |
20th century. |
| 650 #0 - SUBJECT ADDED ENTRY--TOPICAL TERM |
| Topical term or geographic name entry element |
Military art and science |
| General subdivision |
History |
| Chronological subdivision |
20th century. |
| 650 #0 - SUBJECT ADDED ENTRY--TOPICAL TERM |
| Topical term or geographic name entry element |
Politics and war |
| General subdivision |
History |
| Chronological subdivision |
20th century. |
| 650 #0 - SUBJECT ADDED ENTRY--TOPICAL TERM |
| Topical term or geographic name entry element |
World War, 1939-1945 |
| General subdivision |
Causes. |
| 942 ## - ADDED ENTRY ELEMENTS (KOHA) |
| Source of classification or shelving scheme |
|
| Koha item type |
Book |
| 948 1# - LOCAL PROCESSING INFORMATION (OCLC); SERIES PART DESIGNATOR (RLIN) |
| Series part designator, SPT (RLIN) |
20120920 |
| b (OCLC) |
c |
| c (OCLC) |
rad1 |
| d (OCLC) |
MPS |